Khí hậu Việt Nam

Salvato in:
Dettagli Bibliografici
Autore principale: Đỗ Đinh Cương
Natura: Libro
Lingua:Undetermined
Pubblicazione: Sài gòn Khai trí 1968
Soggetti:
Tags: Aggiungi Tag
Nessun Tag, puoi essere il primo ad aggiungerne! !
Thư viện lưu trữ: Trung tâm Học liệu Trường Đại học Cần Thơ
LEADER 00459nam a2200169Ia 4500
001 CTU_3391
008 210402s9999 xx 000 0 und d
082 |a 551.6909597 
082 |b C561 
100 |a Đỗ Đinh Cương 
245 0 |a Khí hậu Việt Nam 
245 0 |c Đỗ Đinh Cương 
260 |a Sài gòn 
260 |b Khai trí 
260 |c 1968 
650 |a climatology 
980 |a Trung tâm Học liệu Trường Đại học Cần Thơ